000
00277nam a2200121Ia 4500
008
190216s9999||||xx |||||||||||||| ||und||
100
_a
Muhammed Abul Jalal
245
0
_a
Al-Azhar-Atharum-Wa-The Qujathar
260
_b
S Chand & Co
300
_a
90
650
_a
Arabic
942
_c
BK
999
_c
50
_d
50